01014nam a2200241Ia 450000500170000000800410001708200210005811000520007924500670013125000190019830000420021760000710025961000680033065000440039894200130044226400440045533600270049933700330052633800280055904000350058799900150062295201350063720220317001234.0160825s1997 ck a g 000 0 spa 04aR 708.074bB31l 2 aBiblioteca Luis Ángel Arango. Bogotá96805010aLuciano Jaramillobotra miradacBiblioteca Luis Ángel Arango a1a. edición  a88 páginas bilustraciones c22 cm 14aJaramillo, Luciano d1958-1984vCatálogos vExposiciones 968051 aBiblioteca Luis Ángel Arango (Bogotá)vExposiciones 968052142LEMBaPintura colombianavExposiciones  2ddccREF aBogotábBanco de la Repúblicac1997 atextobtxt2rdacontent asin mediaciónbn2rdamedia avolumenbnc2rdacarrier aCO-BoRNBPbspaerdacCO-BoRNBP c6351d6351 00102ddc40708GENaMEDORADObMEDORADOcREFd2023-02-17l0oR 708.074 B31IpDOR01248r2023-02-17 00:00:00tEj.1w2023-02-17yREF